Zwierzęta w Biblii - Statystyki

Ogólne statystyki
  • Ten quiz został rozwiązany 298 razy
    135 od ostatniego zresetowania
  • Średni wynik to 11 z 20
Statystyki odpowiedzi
Wskazówka Zwierzę % Poprawnych
Jak Szatan pojawił się w Ogrodzie Eden Wąż
99%
Zwierzę, które piało, gdy Piotr trzykrotnie zaparł się Jezusa Kogut
83%
Daniel spędził noc w jaskini tego stworzenia Lew
82%
Jezus wjechał do Jerozolimy na grzbiecie... Osła
82%
Noe wypuścił je z arki, a ono wróciło z liściem oliwnym Gołąb
76%
Jezus opowiedział przypowieść o poszukiwaniu zagubionej... Owcy
72%
Lizali wrzody Łazarza pod stołem bogacza Psy
68%
Jan Chrzciciel jadł je razem z miodem Szarańcza
61%
Łatwiej ____ przejść przez igłę niż bogatemu wejść do nieba Wielbłądu
60%
Zwierzę to jest nieczyste, ponieważ ma rozszczepione łapy i nie przeżuwa Świnia
58%
Bóg mówi, że wyniósł Izraelitów z Egiptu na skrzydłach tego stworzenia Orzeł
52%
Zwierzę, które połknęło Jonasza Ryba
52%
Druga plaga Egiptu była plagą tych zielonych stworzeń Żaby
50%
Po odejściu Mojżesza Izraelici zbudowali złoty bożek przedstawiający to zwierzę Cielę
48%
Dwóch z nich poturbowało 42 dzieci, które naśmiewały się z proroka Elizeusza Niedźwiedzie
47%
Noe wypuścił je z arki, ale nie wróciło Kruk
28%
Zwierzęta, na które głównie polował Ezaw Jeleń
17%
Zwierzę, które nie może zmienić swoich plam Lampart
12%
Jezus nazywany jest „____ Boga” Jagnię
6%
Zjedli zwłoki króla Heroda Robaki
6%
Nie znaleziono quizów pasujących do podanych kryteriów
Rozkład punktacji
Procent ludzi z każdym wynikiem
Percentyl według liczby udzielonych odpowiedzi
Twoja historia wyników
Nie rozwiązałeś tego quizu od ostatniego zresetowania